[Event "Titled Tuesday intern op 12th Sep Early"]
[Site "Chess.com INT"]
[Date "2023.09.12"]
[Round "2"]
[White "Belozerov, Andrei"]
[Black "Kozak, Adam"]
[Result "0-1"]
[WhiteElo "2411"]
[BlackElo "2566"]
[PlyCount "72"]
[EventDate "2023.09.12"]
[EventType "swiss (blitz)"]
[EventRounds "11"]
[EventCountry "USA"]
[SourceTitle "EXT 2024"]
[Source "ChessBase"]
[SourceDate "2023.10.10"]
[SourceVersion "1"]
[SourceVersionDate "2023.10.10"]
[SourceQuality "1"]

1. d4 Nf6 2. c4 g6 3. g3 c5 4. dxc5 Qa5+ 5. Nc3 Bg7 6. Bg2 Nc6 7. Nf3 Ne4 8. 0-0 Nxc3 9. bxc3 Qxc5 10. Qd5 d6 11. Be3 Qxd5 12. cxd5 Ne5 13. Nxe5 Bxe5 14. Rab1 b6 15. f4 Bf6 16. c4 Ba6 17. Rfc1 Rc8 18. Be4 0-0 19. Bd3 Rc7 20. a4 Rfc8 21. a5 bxa5 22. Ra1 Bxa1 23. Rxa1 Bxc4 24. Bxc4 Rxc4 25. Rxa5 R4c7 26. Kf2 Ra8 27. Ra6 f5 28. h3 Rb7 29. g4 Rb5 30. Rc6 Rxd5 31. Rc7 a5 32. Rxe7 a4 33. Bc1 a3 34. g5 a2 35. Bb2 a1Q 36. Rg7+ Kf8 0-1

[Event "Titled Tuesday intern op 12th Sep Early"]
[Site "Chess.com INT"]
[Date "2023.09.12"]
[Round "1"]
[White "Cardozo Munar, Carlos Eduardo"]
[Black "Belozerov, Andrei"]
[Result "0-1"]
[WhiteElo "2043"]
[BlackElo "2411"]
[PlyCount "56"]
[EventDate "2023.09.12"]
[EventType "swiss (blitz)"]
[EventRounds "11"]
[EventCountry "USA"]
[SourceTitle "EXT 2024"]
[Source "ChessBase"]
[SourceDate "2023.10.10"]
[SourceVersion "1"]
[SourceVersionDate "2023.10.10"]
[SourceQuality "1"]

1. e4 c5 2. Nf3 d6 3. Bc4 Nf6 4. Nc3 e6 5. 0-0 Nc6 6. Re1 Be7 7. d4 cxd4 8. Nxd4 0-0 9. Bg5 a6 10. a4 Qc7 11. Bb3 Bd7 12. h3 Rac8 13. Kh1 Rfd8 14. f4 h6 15. Bh4 Nxe4 16. Nxe4 Bxh4 17. Nxc6 Bxc6 18. g3 Bxg3 19. Re2 Bxf4 20. Qd3 d5 21. Nc5 d4+ 22. Kg1 Be3+ 23. Kf1 Qf4+ 24. Ke1 Bf3 25. Nxe6 fxe6 26. Bxe6+ Kh8 27. Bxc8 Qg3+ 28. Kf1 Qg1# 0-1

[Event "Titled Tuesday intern op 12th Sep Early"]
[Site "Chess.com INT"]
[Date "2023.09.12"]
[Round "9"]
[White "Kuznecova, Marija"]
[Black "Belozerov, Andrei"]
[Result "0-1"]
[WhiteElo "2023"]
[BlackElo "2411"]
[PlyCount "96"]
[EventDate "2023.09.12"]
[EventType "swiss (blitz)"]
[EventRounds "11"]
[EventCountry "USA"]
[SourceTitle "EXT 2024"]
[Source "ChessBase"]
[SourceDate "2023.10.10"]
[SourceVersion "1"]
[SourceVersionDate "2023.10.10"]
[SourceQuality "1"]

1. e4 c5 2. Nf3 d6 3. d4 cxd4 4. Nxd4 Nf6 5. Nc3 Nc6 6. Bg5 e6 7. Qd3 Be7 8. 0-0-0 a6 9. Bxf6 gxf6 10. Qg3 Qa5 11. f4 Bd7 12. Nb3 Qb6 13. Bd3 0-0-0 14. Rhe1 h5 15. a3 h4 16. Qf3 Rhg8 17. Na4 Qc7 18. Qf2 Kb8 19. Nb6 Be8 20. g3 hxg3 21. hxg3 Bf8 22. Be2 Ne7 23. Na5 Nc8 24. Nac4 Bb5 25. a4 Bxc4 26. Nxc4 Bh6 27. Kb1 Ne7 28. Qd4 Bg7 29. Qd3 d5 30. Ne3 dxe4 31. Qxe4 f5 32. Qb4 Nc6 33. Qc4 Qb6 34. Rxd8+ Rxd8 35. Qb3 Qxb3 36. cxb3 Rd2 37. Bc4 Rxb2+ 38. Kc1 Rf2 39. Rh1 Nb4 40. Rh7 Bc3 41. Rxf7 Ra2 42. Kd1 Rd2+ 43. Kc1 Na2+ 44. Kb1 Rb2+ 45. Ka1 Nb4 46. Rf8+ Ka7 47. Bxe6 Ra2+ 48. Kb1 Ra1# 0-1

[Event "Titled Tuesday intern op 12th Sep Early"]
[Site "Chess.com INT"]
[Date "2023.09.12"]
[Round "7"]
[White "Vakhlamov, Igor L"]
[Black "Belozerov, Andrei"]
[Result "1/2-1/2"]
[WhiteElo "2413"]
[BlackElo "2411"]
[PlyCount "86"]
[EventDate "2023.09.12"]
[EventType "swiss (blitz)"]
[EventRounds "11"]
[EventCountry "USA"]
[SourceTitle "EXT 2024"]
[Source "ChessBase"]
[SourceDate "2023.10.10"]
[SourceVersion "1"]
[SourceVersionDate "2023.10.10"]
[SourceQuality "1"]

1. e4 c5 2. Nf3 d6 3. Nc3 Nf6 4. d4 cxd4 5. Qxd4 Nc6 6. Bb5 Bd7 7. Bxc6 Bxc6 8. Bg5 e6 9. 0-0-0 Be7 10. Rhe1 0-0 11. e5 dxe5 12. Nxe5 Qc7 13. Qc4 Rfc8 14. Nxc6 Qxc6 15. Qxc6 Rxc6 16. Ne4 Rac8 17. Re2 Nd5 18. Bxe7 Nxe7 19. Rd7 R6c7 20. Red2 Nd5 21. Rxc7 Rxc7 22. Nc3 Rd7 23. Nxd5 Rxd5 24. Rxd5 exd5 25. Kd2 Kf8 26. Ke3 Ke7 27. Kd4 Kd6 28. a4 b6 29. b4 g5 30. f3 h5 31. g3 g4 32. f4 f5 33. a5 Ke6 34. axb6 axb6 35. c4 dxc4 36. Kxc4 Kd6 37. Kb5 Kc7 38. Kc4 Kc6 39. b5+ Kd6 40. Kd4 Ke6 41. Kc4 Kd6 42. Kd4 Ke6 43. Kc4 Kd6 1/2-1/2

[Event "Titled Tuesday intern op 05th Sep Early"]
[Site "Chess.com INT"]
[Date "2023.09.05"]
[Round "3"]
[White "Belozerov, Andrei"]
[Black "Rosenberg, Evan"]
[Result "1-0"]
[WhiteElo "2411"]
[BlackElo "1883"]
[PlyCount "131"]
[EventDate "2023.09.05"]
[EventType "swiss (blitz)"]
[EventRounds "11"]
[EventCountry "USA"]
[SourceTitle "EXT 2024"]
[Source "ChessBase"]
[SourceDate "2023.10.10"]
[SourceVersion "1"]
[SourceVersionDate "2023.10.10"]
[SourceQuality "1"]

1. d4 d5 2. c4 e6 3. Nf3 c5 4. cxd5 exd5 5. g3 Nf6 6. Bg2 Be7 7. 0-0 0-0 8. b3 Nc6 9. Bb2 Bf5 10. Nc3 Rc8 11. Rc1 h6 12. dxc5 Bxc5 13. Na4 Be7 14. Nd4 Bg4 15. h3 Nxd4 16. hxg4 Rxc1 17. Bxc1 Ne6 18. Nc3 d4 19. Nb5 a6 20. Na3 b5 21. Nc2 Nxg4 22. e3 d3 23. Qxg4 dxc2 24. Be4 Qc8 25. Bb2 Ng5 26. Bf5 Qc6 27. Rc1 Nf3+ 28. Kh1 Ne5+ 29. Qe4 Qxe4+ 30. Bxe4 Ng4 31. Rxc2 Bf6 32. Ba3 Re8 33. Bb7 a5 34. Kg1 b4 35. Bc1 Ne5 36. Kg2 Nd3 37. Bd2 g6 38. Ba6 Rd8 39. Kf3 Ne5+ 40. Ke2 Be7 41. Rc7 Rd7 42. Rxd7 Nxd7 43. Bb5 Ne5 44. f4 Ng4 45. e4 Kf8 46. e5 h5 47. Kf3 Nh2+ 48. Ke4 h4 49. gxh4 Bxh4 50. Be3 Bd8 51. Bc5+ Kg7 52. Be2 f5+ 53. exf6+ Kxf6 54. Bg1 a4 55. Bxh2 axb3 56. axb3 Bc7 57. Bg1 Bd6 58. Bd4+ Ke6 59. Bc4+ Ke7 60. Be5 Bc5 61. Kf3 Bg1 62. Kg4 Bh2 63. Kg5 Bxf4+ 64. Bxf4 Kd7 65. Bd2 Kc6 66. Bxb4 1-0

[Event "RUS-chT 30th"]
[Site "Sochi"]
[Date "2023.05.05"]
[Round "5.5"]
[White "Smirnov, Pavel"]
[Black "Belozerov, Andrei"]
[Result "1/2-1/2"]
[WhiteElo "2545"]
[BlackElo "2461"]
[PlyCount "96"]
[EventDate "2023.05.01"]
[EventType "team-tourn"]
[EventRounds "9"]
[EventCountry "RUS"]
[SourceTitle "CBM 214 Extra"]
[Source "ChessBase"]
[SourceDate "2023.07.31"]
[SourceVersion "1"]
[SourceVersionDate "2023.07.31"]
[SourceQuality "1"]
[WhiteTeam "Moscow Region"]
[BlackTeam "Novosibirsk Region"]
[WhiteTeamCountry "RUS"]
[BlackTeamCountry "RUS"]

1. d4 Nf6 2. c4 g6 3. g3 c6 4. Bg2 d5 5. b3 Bg7 6. Nf3 0-0 7. 0-0 dxc4 8. bxc4 c5 9. Bb2 cxd4 10. Nxd4 Qb6 11. Qc1 Bd7 12. Nd2 Nc6 13. Nc2 Rac8 14. Bc3 Rfd8 15. Rb1 Qc7 16. Ne3 Be6 17. Qb2 b6 18. Ne4 Nxe4 19. Bxg7 Rd2 20. Qa1 Nf6 21. Bh6 Nd4 22. Kh1 Nc2 23. Qc3 Nxe3 24. Qxd2 Nxf1 25. Rxf1 Ng4 26. Bf4 Qxc4 27. Bb7 Rc5 28. f3 Bd5 29. Bxd5 Rxd5 30. Qc1 Qxc1 31. Rxc1 Rd1+ 32. Rxd1 Nf2+ 33. Kg1 Nxd1 34. Bb8 a6 35. Ba7 Nc3 36. Bxb6 Nxe2+ 37. Kf2 Nc3 38. Ba5 Nd5 39. Ke2 Kf8 40. Kd3 Ke8 41. Kd4 e6 42. Kc5 Kd7 43. Bd2 h5 44. a3 f6 45. f4 Kc7 46. Ba5+ Kd7 47. Bd2 Kc7 48. Ba5+ Kd7 1/2-1/2

[Event "Titled Tuesday intern op 25th Apr Late"]
[Site "Chess.com INT"]
[Date "2023.04.25"]
[Round "4"]
[White "Tymrakiewicz, Rafal"]
[Black "Belozerov, Andrei"]
[Result "1-0"]
[WhiteElo "2145"]
[BlackElo "2461"]
[PlyCount "37"]
[EventDate "2023.04.25"]
[EventType "swiss (blitz)"]
[EventRounds "11"]
[EventCountry "USA"]
[SourceTitle "EXT 2024"]
[Source "ChessBase"]
[SourceDate "2023.10.10"]
[SourceVersion "1"]
[SourceVersionDate "2023.10.10"]
[SourceQuality "1"]

1. e4 c5 2. d4 cxd4 3. c3 dxc3 4. Nxc3 Nc6 5. Nf3 d6 6. Bc4 a6 7. 0-0 Nf6 8. Bf4 e6 9. Qe2 Qc7 10. Rac1 Ne5 11. Bxe5 dxe5 12. Nb5 Qb8 13. Nc7+ Qxc7 14. Bb5+ axb5 15. Rxc7 Bd6 16. Qxb5+ Bd7 17. Rxd7 Nxd7 18. Rd1 Ra6 19. Qxb7 1-0

[Event "Titled Tuesday intern op 11th Apr Early"]
[Site "Chess.com INT"]
[Date "2023.04.11"]
[Round "10"]
[White "Belozerov, Andrei"]
[Black "Gabrielian, Artur"]
[Result "1-0"]
[WhiteElo "2461"]
[BlackElo "2452"]
[PlyCount "193"]
[EventDate "2023.04.11"]
[EventType "swiss (blitz)"]
[EventRounds "11"]
[EventCountry "USA"]
[SourceTitle "CBM 213 Extra"]
[Source "ChessBase"]
[SourceDate "2023.05.31"]
[SourceVersion "1"]
[SourceVersionDate "2023.05.31"]
[SourceQuality "1"]

1. e4 c5 2. Nf3 d6 3. Bb5+ Nd7 4. a4 Ngf6 5. Nc3 a6 6. Be2 Qa5 7. 0-0 e6 8. d4 cxd4 9. Nxd4 Be7 10. Nb3 Qc7 11. a5 0-0 12. Be3 b5 13. axb6 Nxb6 14. Qd4 Nfd7 15. Rfd1 Rd8 16. Ra2 Nc5 17. Rda1 Bb7 18. Qb4 Rab8 19. Nxc5 dxc5 20. Qa5 Bd6 21. g3 Rdc8 22. Bxa6 Be5 23. Bxb7 Qxb7 24. Rd1 Nc4 25. Qa6 Qxa6 26. Rxa6 Nxb2 27. Rd7 Bxc3 28. Raa7 Nc4 29. Bf4 Ra8 30. Rxf7 Rxa7 31. Rxa7 e5 32. Bg5 h6 33. Be7 Bd4 34. Kg2 Rb8 35. c3 Bxc3 36. Bxc5 Nd2 37. Ra4 Rb2 38. h4 h5 39. Be3 Nb3 40. Rc4 Bd4 41. Bxd4 Nxd4 42. Rc5 Rb5 43. Rc7 Kh7 44. Re7 Kg6 45. Ra7 Rb6 46. Ra5 Nc6 47. Rc5 Kf6 48. Rd5 Ne7 49. Rc5 Rd6 50. Ra5 Nc6 51. Rc5 Nd4 52. Rc8 Ne6 53. Rh8 g6 54. Rc8 Rd4 55. Kf3 Rd3+ 56. Ke2 Ra3 57. Rc6 Ke7 58. Rb6 Nd4+ 59. Kf1 Kf7 60. Kg2 Nc2 61. Rb7+ Kf6 62. Rb6+ Kg7 63. Rb7+ Kh6 64. Rb5 Ne1+ 65. Kf1 Nf3 66. Kg2 Kg7 67. Rb7+ Kf6 68. Rb6+ Kg7 69. Rb7+ Kf8 70. Rb8+ Kf7 71. Rb7+ Ke8 72. Rb8+ Kd7 73. Rb7+ Kc6 74. Rg7 Nd2 75. Rxg6+ Kc5 76. Rf6 Nxe4 77. Rf5 Kd4 78. Kf1 Nd2+ 79. Ke2 e4 80. Kxd2 Ra2+ 81. Ke1 Kd3 82. Kf1 e3 83. fxe3 Kxe3 84. Kg1 Ra1+ 85. Rf1 Ra2 86. Rf4 Rb2 87. Rf5 Ke4 88. Rf4+ Ke3 89. Rf5 Ke4 90. Rf2 Ke3 91. Rxb2 Kf3 92. Rb5 Kg4 93. Rg5+ Kh3 94. Rxh5 Kxg3 95. Rh8 Kg4 96. h5 Kg5 97. Ra8 1-0

[Event "Titled Tuesday intern op 11th Apr Early"]
[Site "Chess.com INT"]
[Date "2023.04.11"]
[Round "5"]
[White "Belozerov, Andrei"]
[Black "Pranesh, M."]
[Result "0-1"]
[WhiteElo "2461"]
[BlackElo "2493"]
[PlyCount "118"]
[EventDate "2023.04.11"]
[EventType "swiss (blitz)"]
[EventRounds "11"]
[EventCountry "USA"]
[SourceTitle "CBM 213 Extra"]
[Source "ChessBase"]
[SourceDate "2023.05.31"]
[SourceVersion "1"]
[SourceVersionDate "2023.05.31"]
[SourceQuality "1"]

1. e4 e5 2. Nf3 Nc6 3. Bb5 a6 4. Ba4 Nf6 5. 0-0 Bc5 6. c3 0-0 7. d4 Ba7 8. dxe5 Nxe4 9. Qd5 Nc5 10. Bc2 d6 11. exd6 Qxd6 12. Qxd6 cxd6 13. Bf4 Rd8 14. Nbd2 h6 15. Nb3 Na4 16. Rab1 Be6 17. Nbd4 Nxd4 18. Nxd4 Bxd4 19. Bxa4 Be5 20. Bxe5 dxe5 21. Rfe1 f6 22. Bb3 Bxb3 23. axb3 Rd2 24. Kf1 Rad8 25. Re2 Kf7 26. Ke1 R2d6 27. b4 Ke6 28. Ra1 Kd5 29. b3 Ke6 30. f3 Rd3 31. Rc2 Re3+ 32. Kf2 Rdd3 33. Rac1 f5 34. b5 axb5 35. b4 f4 36. c4 bxc4 37. Rxc4 Rd2+ 38. Kf1 Ree2 39. Rc7 Rf2+ 40. Ke1 Rxg2 41. Rxb7 Ra2 42. Rc6+ Kd5 43. Rc5+ Kd6 44. Rb6+ Kd7 45. Rb7+ Ke6 46. Rc6+ Kd5 47. Rc5+ Kd6 48. Rb6+ Ke7 49. Rxe5+ Kf7 50. Kf1 Rxh2 51. Rf5+ Kg8 52. Kg1 Rhg2+ 53. Kf1 Raf2+ 54. Ke1 Rxf3 55. Rb8+ Kh7 56. Rff8 Rb3 57. Rh8+ Kg6 58. Rb6+ Kh5 59. Rf8 Rb1# 0-1

[Event "Titled Tuesday intern op 11th Apr Early"]
[Site "Chess.com INT"]
[Date "2023.04.11"]
[Round "8"]
[White "Belozerov, Andrei"]
[Black "Trifan, Andrei Ioan"]
[Result "1-0"]
[WhiteElo "2461"]
[BlackElo "2300"]
[PlyCount "95"]
[EventDate "2023.04.11"]
[EventType "swiss (blitz)"]
[EventRounds "11"]
[EventCountry "USA"]
[SourceTitle "CBM 213 Extra"]
[Source "ChessBase"]
[SourceDate "2023.05.31"]
[SourceVersion "1"]
[SourceVersionDate "2023.05.31"]
[SourceQuality "1"]

1. e4 e5 2. Nf3 Nc6 3. Bb5 a6 4. Ba4 Nf6 5. 0-0 Be7 6. Re1 b5 7. Bb3 d6 8. c3 0-0 9. h3 Nb8 10. d4 Nbd7 11. Nbd2 Bb7 12. Bc2 Re8 13. Nf1 Bf8 14. Ng3 g6 15. a4 c5 16. d5 c4 17. Bg5 h6 18. Be3 Nc5 19. Qd2 h5 20. Bxc5 dxc5 21. Nf1 Re7 22. Qe3 Qb6 23. N1d2 Ne8 24. Bd1 Nd6 25. g4 hxg4 26. hxg4 Bg7 27. g5 Kf8 28. Nh2 Ke8 29. Bg4 Kd8 30. Bh3 Kc7 31. axb5 axb5 32. Rxa8 Bxa8 33. Ng4 Bb7 34. Ra1 Kb8 35. Qf3 Bc8 36. Nh6 Bxh3 37. Qxh3 Qc7 38. Ng8 Re8 39. Qh7 Qd8 40. Nf3 Rxg8 41. Ra6 Nxe4 42. Qh4 Nd6 43. Rc6 Kb7 44. Rxc5 Bf8 45. Qg4 Nf5 46. Rxb5+ Ka6 47. Qxc4 Qa5 48. Qc6+ 1-0

[Event "Titled Tuesday intern op 04th Apr Early"]
[Site "Chess.com INT"]
[Date "2023.04.04"]
[Round "8"]
[White "Ashraf, Artin"]
[Black "Belozerov, Andrei"]
[Result "0-1"]
[WhiteElo "2314"]
[BlackElo "2461"]
[PlyCount "60"]
[EventDate "2023.04.04"]
[EventType "swiss (blitz)"]
[EventRounds "11"]
[EventCountry "USA"]
[SourceTitle "EXT 2024"]
[Source "ChessBase"]
[SourceDate "2023.10.10"]
[SourceVersion "1"]
[SourceVersionDate "2023.10.10"]
[SourceQuality "1"]

1. b3 d5 2. Nf3 Bg4 3. e3 Nf6 4. Bb2 e6 5. h3 Bh5 6. g3 Be7 7. Bg2 c5 8. 0-0 Nc6 9. d3 0-0 10. Nbd2 h6 11. Qe2 Rc8 12. a3 b5 13. Rfd1 Qc7 14. Rac1 Rfd8 15. e4 dxe4 16. Nxe4 Nd4 17. Qe3 Nd5 18. Bxd4 Nxe3 19. Bxe3 c4 20. dxc4 bxc4 21. b4 a5 22. c3 Rd3 23. g4 Bg6 24. Nc5 Rxe3 25. fxe3 Bxc5 26. bxc5 Qxc5 27. Kf2 Qxa3 28. Ne5 Bd3 29. Bf1 Qb2+ 30. Kg3 Qb8 0-1

[Event "Titled Tuesday intern op 04th Apr Early"]
[Site "Chess.com INT"]
[Date "2023.04.04"]
[Round "10"]
[White "Belozerov, Andrei"]
[Black "Narayanan, Srinath"]
[Result "1-0"]
[WhiteElo "2461"]
[BlackElo "2559"]
[PlyCount "41"]
[EventDate "2023.04.04"]
[EventType "swiss (blitz)"]
[EventRounds "11"]
[EventCountry "USA"]
[SourceTitle "EXT 2024"]
[Source "ChessBase"]
[SourceDate "2023.10.10"]
[SourceVersion "1"]
[SourceVersionDate "2023.10.10"]
[SourceQuality "1"]

1. e4 c6 2. d4 d5 3. Nd2 dxe4 4. Nxe4 Nf6 5. Nxf6+ exf6 6. c3 Bd6 7. Bd3 0-0 8. Qc2 Re8+ 9. Ne2 h5 10. 0-0 Nd7 11. Nf4 h4 12. Qd1 Nf8 13. Bd2 h3 14. Nxh3 Qc7 15. Qf3 Bxh2+ 16. Kh1 Bd6 17. Rae1 Bd7 18. Nf4 g6 19. Nh5 gxh5 20. Qxf6 Be6 21. Bh6 1-0

[Event "Titled Tuesday intern op 04th Apr Early"]
[Site "Chess.com INT"]
[Date "2023.04.04"]
[Round "5"]
[White "Klepikov, Nikita"]
[Black "Belozerov, Andrei"]
[Result "0-1"]
[WhiteElo "2063"]
[BlackElo "2461"]
[PlyCount "52"]
[EventDate "2023.04.04"]
[EventType "swiss (blitz)"]
[EventRounds "11"]
[EventCountry "USA"]
[SourceTitle "EXT 2024"]
[Source "ChessBase"]
[SourceDate "2023.10.10"]
[SourceVersion "1"]
[SourceVersionDate "2023.10.10"]
[SourceQuality "1"]

1. e4 c5 2. Nf3 Nc6 3. d4 cxd4 4. Nxd4 g6 5. Nc3 Bg7 6. Be3 Nf6 7. Bc4 0-0 8. Bb3 d6 9. f3 Bd7 10. Qd2 Rc8 11. 0-0-0 Nxd4 12. Bxd4 b5 13. g4 b4 14. Nd5 Nxd5 15. Bxg7 Kxg7 16. Qxd5 a5 17. h4 a4 18. Bc4 Kg8 19. Qd4 Qc7 20. b3 Be6 21. h5 Bxc4 22. hxg6 fxg6 23. Rxh7 Kxh7 24. Rh1+ Kg8 25. bxc4 Qxc4 26. Rh8+ Kf7 0-1

[Event "Titled Tuesday intern op 28th Mar Early"]
[Site "Chess.com INT"]
[Date "2023.03.28"]
[Round "3"]
[White "Silvestre, Christian"]
[Black "Belozerov, Andrei"]
[Result "0-1"]
[WhiteElo "1942"]
[BlackElo "2460"]
[PlyCount "58"]
[EventDate "2023.03.28"]
[EventType "swiss (blitz)"]
[EventRounds "11"]
[EventCountry "USA"]
[SourceTitle "EXT 2024"]
[Source "ChessBase"]
[SourceDate "2023.10.10"]
[SourceVersion "1"]
[SourceVersionDate "2023.10.10"]
[SourceQuality "1"]

1. d4 d5 2. Bg5 h6 3. Bc1 Nf6 4. g3 c5 5. c3 Nc6 6. Bg2 Bf5 7. dxc5 a5 8. Nd2 e5 9. e3 Bxc5 10. Ne2 0-0 11. 0-0 Re8 12. a3 a4 13. c4 dxc4 14. Nxc4 Qd3 15. Nd2 Red8 16. Nc3 Bg4 17. Bf3 Bxf3 18. Qxf3 Rd7 19. Rd1 Qc2 20. Nc4 Rad8 21. Rf1 e4 22. Qe2 Qxe2 23. Nxe2 b5 24. Nd2 Rxd2 25. Bxd2 Rxd2 26. Rac1 Ne5 27. Rxc5 Nf3+ 28. Kg2 Rxe2 29. Rxb5 Ng4 0-1

[Event "Titled Tuesday intern op 21st Mar Early"]
[Site "Chess.com INT"]
[Date "2023.03.21"]
[Round "10"]
[White "Drygalov, Andrey"]
[Black "Belozerov, Andrei"]
[Result "1-0"]
[WhiteElo "2484"]
[BlackElo "2460"]
[PlyCount "105"]
[EventDate "2023.03.21"]
[EventType "swiss (blitz)"]
[EventRounds "11"]
[EventCountry "USA"]
[SourceTitle "EXT 2024"]
[Source "ChessBase"]
[SourceDate "2023.10.10"]
[SourceVersion "1"]
[SourceVersionDate "2023.10.10"]
[SourceQuality "1"]

1. e4 c5 2. Nf3 Nc6 3. Bb5 g6 4. Bxc6 bxc6 5. 0-0 Bg7 6. Re1 Nf6 7. e5 Nd5 8. c4 Nc7 9. d4 cxd4 10. Qxd4 Ne6 11. Qh4 d6 12. Bh6 Bxe5 13. Nxe5 dxe5 14. Nc3 f6 15. Rad1 Qa5 16. Ne4 Kf7 17. Re3 Rd8 18. Rxd8 Qxd8 19. Re1 Qd3 20. Be3 h5 21. Nc3 Ng7 22. Qe4 Qxe4 23. Nxe4 Bf5 24. Nc5 Rd8 25. b3 h4 26. Na4 Rd7 27. Nc5 Rd6 28. Nb7 Rd7 29. Nc5 Rc7 30. Na6 Rc8 31. f3 h3 32. g4 Bd7 33. Nc5 Ke8 34. Rd1 Be6 35. Bh6 Bg8 36. Bxg7 g5 37. Bxf6 exf6 38. Rd7 Rd8 39. Rxd8+ Kxd8 40. Ne4 Ke7 41. Kf2 Be6 42. Kg3 f5 43. Nxg5 Bd7 44. Kxh3 e4 45. fxe4 fxg4+ 46. Kg3 Kf6 47. Kf4 c5 48. e5+ Kg6 49. Ne4 Kh5 50. Nf6+ Kh4 51. Nxd7 Kh3 52. Nf6 Kxh2 53. Nxg4+ 1-0

[Event "Titled Tuesday intern op 21st Mar Early"]
[Site "Chess.com INT"]
[Date "2023.03.21"]
[Round "4"]
[White "Levitan, Caleb Levi"]
[Black "Belozerov, Andrei"]
[Result "1/2-1/2"]
[WhiteElo "2007"]
[BlackElo "2460"]
[PlyCount "95"]
[EventDate "2023.03.21"]
[EventType "swiss (blitz)"]
[EventRounds "11"]
[EventCountry "USA"]
[SourceTitle "EXT 2024"]
[Source "ChessBase"]
[SourceDate "2023.10.10"]
[SourceVersion "1"]
[SourceVersionDate "2023.10.10"]
[SourceQuality "1"]

1. e4 c5 2. Nf3 d6 3. d4 cxd4 4. Qxd4 Nc6 5. Bb5 Bd7 6. Bxc6 Bxc6 7. Nc3 Nf6 8. Bg5 e6 9. 0-0-0 Be7 10. Rhe1 0-0 11. e5 dxe5 12. Nxe5 Qc8 13. Qc4 Rd8 14. Rxd8+ Bxd8 15. Nxc6 Qxc6 16. Qxc6 bxc6 17. Rd1 Nd5 18. Bxd8 Rxd8 19. Ne4 Rc8 20. c4 Nb6 21. b3 Kf8 22. a4 a5 23. Nc5 Ke7 24. Kc2 g5 25. Kc3 Rb8 26. Ne4 h6 27. Nc5 g4 28. Rb1 Kd6 29. Ne4+ Kc7 30. Nc5 Rd8 31. b4 axb4+ 32. Rxb4 Ra8 33. Kb3 h5 34. Ne4 Ra5 35. Nd6 Kxd6 36. Rxb6 Rf5 37. Rb7 Rxf2 38. a5 Rf1 39. Kb2 Rf2+ 40. Kb3 Rxg2 41. a6 Rg1 42. Kb2 Rg2+ 43. Kb3 Rg1 44. Kb2 Rg2+ 45. Ka1 Rg1+ 46. Ka2 Rg2+ 47. Ka3 Rg1 48. Kb2 1/2-1/2

[Event "Titled Tuesday intern op 28th Feb Early"]
[Site "Chess.com INT"]
[Date "2023.02.28"]
[Round "2"]
[White "Firouzja, Alireza"]
[Black "Belozerov, Andrei"]
[Result "1-0"]
[WhiteElo "2785"]
[BlackElo "2460"]
[PlyCount "49"]
[EventDate "2023.02.28"]
[EventType "swiss (blitz)"]
[EventRounds "11"]
[EventCountry "USA"]
[SourceTitle "CBM 213 Extra"]
[Source "ChessBase"]
[SourceDate "2023.05.31"]
[SourceVersion "1"]
[SourceVersionDate "2023.05.31"]
[SourceQuality "1"]

1. d4 Nf6 2. Bg5 d5 3. e3 c5 4. Bxf6 gxf6 5. dxc5 e6 6. c4 dxc4 7. Nd2 Bxc5 8. Bxc4 Nc6 9. Ngf3 f5 10. 0-0 Qf6 11. Qc2 Bb6 12. Bb5 Bd7 13. Nc4 Bc7 14. Rfd1 0-0-0 15. Nd6+ Bxd6 16. Rxd6 Kc7 17. Rad1 Bc8 18. Bxc6 Rxd6 19. Bxb7+ Kxb7 20. Rxd6 Rd8 21. Qc6+ Kb8 22. Ne5 Qe7 23. Nxf7 Rxd6 24. Nxd6 Bd7 25. Qb7# 1-0

[Event "Titled Tuesday intern op 28th Feb Early"]
[Site "Chess.com INT"]
[Date "2023.02.28"]
[Round "6"]
[White "Zhigalko, Sergei"]
[Black "Belozerov, Andrei"]
[Result "1-0"]
[WhiteElo "2572"]
[BlackElo "2460"]
[PlyCount "101"]
[EventDate "2023.02.28"]
[EventType "swiss (blitz)"]
[EventRounds "11"]
[EventCountry "USA"]
[SourceTitle "CBM 213 Extra"]
[Source "ChessBase"]
[SourceDate "2023.05.31"]
[SourceVersion "1"]
[SourceVersionDate "2023.05.31"]
[SourceQuality "1"]

1. e4 c5 2. Nf3 Nc6 3. c3 Nf6 4. e5 Nd5 5. Bc4 Nb6 6. Bb3 g6 7. d4 cxd4 8. Ng5 d5 9. exd6 e6 10. Qf3 f6 11. Nxe6 Bxe6 12. Bxe6 Bxd6 13. Qh3 f5 14. 0-0 Qf6 15. Re1 Be5 16. cxd4 Nxd4 17. Bb3 0-0-0 18. Nc3 Rhe8 19. Be3 Kb8 20. Rad1 h5 21. f4 Bc7 22. Qg3 Ne6 23. Qf2 Rxd1 24. Rxd1 Rd8 25. g3 h4 26. Nb5 Rxd1+ 27. Bxd1 hxg3 28. hxg3 Nd8 29. Nxc7 Kxc7 30. Bd4 Qc6 31. Bc3 Ne6 32. Bf3 Qc5 33. Be5+ Kc8 34. a3 Nc4 35. Qxc5+ Nxc5 36. Bd4 Ne6 37. Bc3 Nc7 38. Kg2 Nd6 39. Kh3 Kd7 40. Kh4 Ne6 41. Be5 Ne4 42. Kh3 g5 43. Kg2 gxf4 44. gxf4 Kc6 45. Be2 Kd5 46. Bd1 Nd4 47. Bh5 b5 48. Bf7+ Kc5 49. Bg6 Kd5 50. Bxd4 Kxd4 51. Bxf5 1-0

[Event "Barnaul Kura Memorial"]
[Site "Barnaul"]
[Date "2023.02.25"]
[Round "6"]
[White "Belozerov, Andrei"]
[Black "Zvjaginsev, Vadim"]
[Result "1/2-1/2"]
[WhiteElo "2460"]
[BlackElo "2598"]
[PlyCount "50"]
[EventDate "2023.02.25"]
[EventType "swiss (rapid)"]
[EventRounds "11"]
[EventCountry "RUS"]
[SourceTitle "CBM 213 Extra"]
[Source "ChessBase"]
[SourceDate "2023.05.31"]
[SourceVersion "1"]
[SourceVersionDate "2023.05.31"]
[SourceQuality "1"]

1. e4 c5 2. Nf3 Nc6 3. Bb5 Nf6 4. Nc3 Qc7 5. 0-0 Nd4 6. Re1 a6 7. Bd3 e5 8. Bc4 d6 9. Nd5 Nxd5 10. Bxd5 Bg4 11. c3 Nxf3+ 12. gxf3 Be6 13. d4 0-0-0 14. Bxe6+ fxe6 15. f4 Kb8 16. Qg4 exd4 17. cxd4 Qf7 18. Be3 cxd4 19. Bxd4 Be7 20. Rac1 Rhf8 21. Be3 Rc8 22. f5 e5 23. b3 g6 24. fxg6 Qxg6 25. Qxg6 hxg6 1/2-1/2

[Event "Barnaul Kura Memorial"]
[Site "Barnaul"]
[Date "2023.02.25"]
[Round "5"]
[White "Kezin, Roman"]
[Black "Belozerov, Andrei"]
[Result "1/2-1/2"]
[WhiteElo "2513"]
[BlackElo "2460"]
[PlyCount "76"]
[EventDate "2023.02.25"]
[EventType "swiss (rapid)"]
[EventRounds "11"]
[EventCountry "RUS"]
[SourceTitle "CBM 213 Extra"]
[Source "ChessBase"]
[SourceDate "2023.05.31"]
[SourceVersion "1"]
[SourceVersionDate "2023.05.31"]
[SourceQuality "1"]

1. d4 Nf6 2. c4 g6 3. Nc3 Bg7 4. e4 d6 5. Nf3 0-0 6. Be3 Ng4 7. Bg5 f6 8. Bh4 e5 9. h3 exd4 10. Nxd4 Ne5 11. Be2 Nbc6 12. Nxc6 bxc6 13. 0-0 g5 14. Bg3 f5 15. exf5 Bxf5 16. Qd2 Qe7 17. Rae1 Rae8 18. Bh5 Rb8 19. b3 Kh8 20. Re3 Qe6 21. f4 gxf4 22. Bxf4 Bg6 23. Bg4 Qg8 24. Bd1 Rxf4 25. Rxf4 Bh6 26. Qf2 Bxf4 27. Qxf4 Rf8 28. Qh4 Qf7 29. Be2 Qf4 30. Qxf4 Rxf4 31. g3 Rd4 32. Kf2 Rd2 33. Ke1 Rb2 34. Kd1 h5 35. Kc1 Rc2+ 36. Kd1 Rb2 37. Kc1 Rc2+ 38. Kd1 Rb2 1/2-1/2